Principles of geotechnical engineering /
This book is about: Soils and rocks; Weight-volume relationships, plasticity, and structure of soil; Classification of soil; Soil compaction; Flow of water in sol; Effective stress concepts; Stresses in a soil mass; ...
保存先:
| 第一著者: | |
|---|---|
| フォーマット: | 図書 |
| 言語: | English |
| 出版事項: |
Boston, MA :
PWS,
1998.
|
| 版: | 4th ed. |
| 主題: | |
| タグ: |
タグ追加
タグなし, このレコードへの初めてのタグを付けませんか!
|
| Thư viện lưu trữ: | Mạng thư viện Đại học Đà Nẵng |
|---|
| LEADER | 01370cam a2200385 i 4500 | ||
|---|---|---|---|
| 001 | 000047603 | ||
| 003 | 7293 | ||
| 005 | 20220112160925.0 | ||
| 008 | 010324|1998 vm 000 eng | ||
| 020 | |a 0534951791 | ||
| 040 | |a LRCC |c LRCC |d LRCC | ||
| 041 | 0 | |a eng | |
| 082 | 1 | 4 | |a 624.15136 |b DA-B |
| 100 | 1 | |a Das, Braja M. | |
| 245 | 0 | 0 | |a Principles of geotechnical engineering / |c Braja M. Das. |
| 250 | |a 4th ed. | ||
| 264 | 1 | |a Boston, MA : |b PWS, |c 1998. | |
| 300 | |a 712 p. ; |c 24 cm. | ||
| 520 | 3 | |a This book is about: Soils and rocks; Weight-volume relationships, plasticity, and structure of soil; Classification of soil; Soil compaction; Flow of water in sol; Effective stress concepts; Stresses in a soil mass; ... | |
| 630 | 0 | 4 | |a Soil mechanics. |
| 630 | 0 | 4 | |a Engineering geology. |
| 650 | 0 | 4 | |a Engineering geology. |
| 650 | 0 | 4 | |a Soil mechanics. |
| OWN | |a DUT | ||
| AVA | |a UDN50 |b DUT |c Book |d 624.15136 DA-B |e available |t Error 5001 Not defined in file expand_doc_bib_avail. |f 2 |g 0 |h N |i 0 |j SH |k 1 | ||
| 999 | |a From the UDN01 | ||
| AVA | |a UDN50 |b DUT |c Book |d 624.15136 DA-B |e available |t Error 5001 Not defined in file expand_doc_bib_avail. |f 2 |g 0 |h N |i 0 |j SH |k 1 | ||
| TYP | |a Monograph | ||
| TYP | |a Printed language | ||
| 980 | |a Mạng thư viện Đại học Đà Nẵng | ||


